00178nam a22000857a 4500040000700000082000800007100001600015245003500031260002600066 cSK a637 aPAYNE W.J.A aMilk production in the tropics aPhnom PenhbFAOc1989